[Event "12th Arad Open 2019"]
[Site "Arad"]
[Date "2019.07.25"]
[Round "2.8"]
[White "Song, Raymond"]
[Black "Mitran, Anthony Cristian"]
[Result "1-0"]
[WhiteElo "2456"]
[BlackElo "2089"]
[Annotator "TA"]
[PlyCount "79"]
[EventDate "2019.07.24"]
[EventType "swiss"]
[EventCountry "ROU"]
[SourceTitle "playchess.com"]
[Source "ChessBase"]
[SourceQuality "1"]

{[%evp 9,87,18,34,25,34,18,47,0,17,24,22,29,33,4,12,0,25,11,26,29,24,26,34,37,45,11,40,43,44,20,24,17,31,23,46,-16,0,0,0,0,0,0,47,10,24,0,41,32,36,27,44,20,185,-16,216,220,209,194,191,174,302,306,291,194,274,281,552,552,1358,1270,1416,992,983,972,947,695,677,669,653,644]} 1. c4 c5 2. Nf3 Nc6 3. Nc3 e5 4. e3 Nf6 5. d4 exd4 (5... e4 6. d5 exf3 7. dxc6 fxg2 8. cxd7+ Bxd7 9. Bxg2 g6 10. b3 Bg7 11. Qd6 Qb6 12. Qe5+ Kf8 13. Bb2 {½-½ (36) Dominguez Perez,L (2739)-Vachier Lagrave,M (2779) Saint Louis 2018}) 6. exd4 {A34: Symmetrical English: 2 Nc3, lines with ...d5} cxd4 7. Nxd4 Bc5 8. Nc2 $146 {White is slightly better.} (8. Qe2+ {looks sharper.} Kf8 9. Nb3 Bb4 10. Bf4 d5 11. O-O-O) ({Predecessor:} 8. Ndb5 O-O 9. Be2 a6 10. Nd6 Qe7 11. Nxc8 Raxc8 12. O-O Nd4 13. Bd3 {1-0 (24) Kozak,M (2111)-Panos,J (1820) Marianske Lazne 2018}) 8... O-O 9. Be2 h6 10. O-O d6 11. a3 a5 12. Bf4 Bf5 13. Ne3 Bh7 14. Nb5 {[%cal Rf4d6]} Ne5 15. Nd5 Be4 16. Ndc3 Bc6 17. Nd4 Bd7 18. Nb3 Re8 19. h3 Qb6 20. Nxc5 dxc5 21. Qc2 Qe6 22. Nd5 (22. Rae1 $14 Nxc4 23. Qb1) 22... Nxd5 23. cxd5 Qxd5 {aiming for ...Bc6.} 24. Rad1 Qc6 25. Bg3 Qg6 26. Qxc5 Bc6 {Hoping for ...Qe4!} 27. Rfe1 Qe4 {[%csl Gc6][%cal Re4g2]} (27... Nd3 $5 28. Bxd3 (28. Rxd3 Rxe2 {[%mdl 64] Remove Defender} 29. Rxe2 Qxd3 $11) 28... Rxe1+ 29. Rxe1 Qxd3 $11) 28. f3 Qf5 {[%cal Re5f3] Threatens to win with ...Nxf3+!} 29. Qd4 Re6 30. f4 Rg6 $2 (30... Nd7 $11) 31. Qe3 $2 ({White should play} 31. Qf2 $18 Rxg3 32. Qxg3) 31... Qe4 $2 {[#]} (31... Nf3+ $1 $11 {and Black has nothing to worry.} 32. Bxf3 Rxg3) 32. Qf2 $1 $18 Nd7 33. Bg4 Qa4 34. Rd4 $36 {[%mdl 2048] White is in control.} Qb3 (34... Qb5 $142 35. Re7 Nf6) 35. Re3 ({Less strong is} 35. Bxd7 Qxg3 36. Bxc6 Qxf2+ 37. Kxf2 Rxc6 $14) 35... Qb6 36. f5 Qxd4 (36... Rf6 $142) 37. fxg6 {[%mdl 64] [#] Discovered Attack} Qf6 $2 (37... f5 38. Re8+ {[%mdl 64] Discovered Attack} (38. Bxf5 Rf8 $18) 38... Rxe8 39. Qxd4 fxg4 40. Qxg4 Nf6) 38. gxf7+ {White is clearly winning.} Kxf7 39. Be6+ Ke7 40. Qd2 {Played: Bg3-h4} 1-0

[Event "12th Arad Open 2019"]
[Site "Arad"]
[Date "2019.07.25"]
[Round "2.9"]
[White "Peycheva, Gergana"]
[Black "Czebe, Attila"]
[Result "0-1"]
[WhiteElo "2065"]
[BlackElo "2436"]
[Annotator "TA"]
[PlyCount "82"]
[EventDate "2019.07.24"]
[EventType "swiss"]
[EventCountry "ROU"]
[SourceTitle "playchess.com"]
[Source "ChessBase"]
[SourceQuality "1"]

{[%evp 11,82,35,75,47,52,19,31,28,26,20,21,27,22,22,28,-15,8,-27,-22,-29,-35,-25,-8,-64,-16,-26,14,0,6,0,0,-62,-58,-95,-87,-76,-77,-75,-82,-139,-149,-168,-155,-179,-170,-161,-114,-234,-229,-197,-191,-167,-151,-274,-269,-272,-289,-268,-277,-261,-272,-596,-621,-625,-610,-605,-608,-901,-853,-29986,-29987,-29986,-29987]} 1. d4 d6 2. Nf3 g6 3. e4 Bg7 4. Nc3 Nf6 5. Be3 O-O 6. Qd2 Ng4 7. Bf4 {B08: Pirc Defence: Classical System} (7. Bg5 h6 8. Bh4 c6 9. h3 Nf6 10. O-O-O b5 11. e5 b4 12. exf6 bxc3 13. Qxc3 exf6 14. Bg3 Re8 15. Bd3 {1-0 (34) Azarov,S (2635)-Solomon,K (2399) Cappelle-la-Grande 2015}) 7... e5 8. Bg5 f6 9. Bc4+ {White is slightly better.} Kh8 10. Bh4 Nc6 11. d5 Ne7 $146 ({Predecessor:} 11... Nd4 12. Nxd4 exd4 13. Ne2 Qe8 14. Bb3 f5 15. exf5 {½-½ (62) Sheers,M (1612)-Geiger,W (1945) IECG email 2001}) 12. h3 Nh6 $1 13. O-O-O a6 14. g4 b5 15. Bd3 Nf7 16. Kb1 Bb7 17. Rhg1 (17. Bg3 $11) 17... c6 18. g5 Ng8 19. dxc6 Bxc6 20. Be2 Qd7 21. Bg3 ({White should play} 21. gxf6 $11 Bxf6 22. Qe3) 21... fxg5 $15 22. Nxg5 Nxg5 23. Qxg5 b4 $1 {[%cal Rb4c3]} 24. Nd5 Bxd5 $1 25. Rxd5 ({White should try} 25. exd5 a5 26. Qe3) 25... Nf6 $17 {[%mdl 64] Double Attack} 26. Rdd1 Nxe4 {[%mdl 64] Double Attack} 27. Qe3 Qc6 $1 28. h4 Rab8 {Hoping for ...Nc3+!} 29. Ka1 (29. Qd3 $17) 29... Nxg3 $19 30. Rxg3 Qxc2 31. Rc1 Qa4 32. h5 {[#]} (32. Kb1 $17) 32... b3 $1 {[%csl Gb3][%cal Ra4a2]} 33. a3 e4 {( -> ...Qxa3+)} 34. Kb1 {[#]} Qd4 $1 {[%cal Rd4b2]} 35. Qxd4 Bxd4 36. hxg6 $2 (36. Rg2 {is more resistant.} gxh5 37. Bxh5) 36... Rxf2 37. Re1 h6 38. g7+ Bxg7 39. Rg6 Rbf8 {...Rxe2! is the strong threat.} 40. Bxa6 Rxb2+ 41. Kc1 Rff2 {Accuracy: White = 29%, Black = 81%.} 0-1

[Event "12th Arad Open 2019"]
[Site "Arad"]
[Date "2019.07.25"]
[Round "2.10"]
[White "David, Alexandru-Vasile"]
[Black "Visanescu, Daria-Ioana"]
[Result "1-0"]
[WhiteElo "2428"]
[BlackElo "2079"]
[Annotator "RC"]
[PlyCount "67"]
[EventDate "2019.07.24"]
[EventType "swiss"]
[EventCountry "ROU"]
[SourceTitle "playchess.com"]
[Source "ChessBase"]
[SourceQuality "1"]
[TimeControl "40/5400+30:900+30"]

1. d4 {[%emt 0:00:00]} d5 {[%emt 0:00:03]} 2. c4 {[%emt 0:03:09]} e6 {[%emt 0:01:13]} 3. Nc3 {[%emt 0:00:08]} Nf6 {[%emt 0:00:06]} 4. cxd5 {[%emt 0:01:29]} exd5 {[%emt 0:00:05]} 5. Bg5 {[%emt 0:00:07]} Be7 {[%emt 0:00:05]} 6. e3 {[%emt 0:00:22]} O-O {[%emt 0:00:26]} 7. Bd3 {[%emt 0:00:10]} Nbd7 {[%emt 0:01:07]} 8. Nge2 {[%emt 0:00:32]} Re8 {[%emt 0:00:55]} 9. O-O {[%emt 0:00:09]} Nf8 {[%emt 0:00:15]} 10. b4 {[%emt 0:03:46]} h6 {[%emt 0:09:26]} 11. Bxf6 {[%emt 0:02:23]} Bxf6 {[%emt 0:00:15]} 12. b5 {[%emt 0:00:07]} Ne6 {[%emt 0:09:22]} 13. Rc1 {[%emt 0:02:20]} g6 {[%emt 0:10:05]} 14. Qc2 {[%emt 0:06:01]} c6 {[%emt 0:11:22]} 15. bxc6 {[%emt 0:05:44]} bxc6 {[%emt 0:00:25]} 16. Rb1 {[%emt 0:01:09]} Kg7 {[%emt 0:09:10]} 17. Na4 {[%emt 0:13:40]} Qc7 {[%emt 0:02:02]} 18. Rfc1 {[%emt 0:02:54]} Bd7 {[%emt 0:00:08]} 19. Nc5 {[%emt 0:01:04]} Nxc5 {[%emt 0:01:50]} 20. Qxc5 {[%emt 0:03:17]} Be7 {[%emt 0:00:45]} 21. Qxd5 {[%emt 0:04:51]} Bd6 {[%emt 0:01:47]} 22. Qf3 {[%emt 0:02:51]} Bxh2+ {[%emt 0:02:09]} 23. Kh1 {[%emt 0:00:05]} Bd6 {[%emt 0:00:43]} 24. e4 {[%emt 0:03:19]} f6 {[%emt 0:02:37]} 25. Qe3 {[%emt 0:04:07]} Ba3 {[%emt 0:04:11]} 26. Rd1 {[%emt 0:05:16]} c5 {[%emt 0:01:22]} 27. Bc4 {[%emt 0:01:44]} Bb4 {[%emt 0:10:07]} 28. a3 {[%emt 0:02:50]} Ba5 {[%emt 0:00:12]} 29. dxc5 {[%emt 0:00:06]} Bc6 {[%emt 0:00:33]} 30. Nd4 {[%emt 0:03:54]} Bd7 {[%emt 0:05:56]} 31. c6 {[%emt 0:00:58]} Bc8 {[%emt 0:00:45]} 32. Ne6+ {[%emt 0:04:16]} Rxe6 {[%emt 0:05:06]} 33. Bxe6 {[%emt 0:00:54]} Bb6 {[%emt 0:00:26]} 34. Rxb6 {[%emt 0:01:05]} 1-0

[Event "12th Arad Open 2019"]
[Site "Arad"]
[Date "2019.07.25"]
[Round "2.11"]
[White "Paraschiv, Paul-Alexandru"]
[Black "Macovei, Andrei"]
[Result "0-1"]
[WhiteElo "2052"]
[BlackElo "2424"]
[Annotator "TA"]
[PlyCount "110"]
[EventDate "2019.07.24"]
[EventType "swiss"]
[EventCountry "ROU"]
[SourceTitle "playchess.com"]
[Source "ChessBase"]
[SourceQuality "1"]

{[%evp 9,120,6,0,-43,-45,-36,-44,-43,-34,-64,-66,-80,-72,-82,-86,-79,-19,-19,-19,-21,-14,-12,-18,-14,-13,-17,-16,-12,-7,-21,-5,-37,-17,-37,-32,-49,-30,-58,-58,-58,-58,-54,-54,-58,-58,-69,-59,-69,-64,-80,-80,-75,-72,-110,-99,-135,-132,-151,-152,-181,-101,-129,-117,-418,-400,-400,-192,-214,-212,-215,-215,-215,-214,-214,-215,-215,-216,-216,-209,-354,-400,-978,-335,-1519,-185,-201,0,-2005,-1559,-1650,-1572,-3072,-3072,-1972,-1743,-29977,-29978,-29971,-29969,-29979,-29980,-29982,-29979,-29979,-29980,-29980,-29981,-29981,-29982,-29982,-29983,-29977,-29977]} 1. d4 Nf6 2. Bg5 d5 3. e3 c5 4. dxc5 (4. Bxf6 gxf6 5. dxc5 e6 6. Nf3 Bxc5 7. Be2 O-O 8. O-O Nc6 9. c4 dxc4 10. Qa4 Nb4 11. Qb5 b6 12. Qxc4 f5 13. Rd1 Qf6 {½-½ (29) Shimanov,A (2613)-So,W (2762) chess.com INT 2019}) 4... Nc6 5. Nf3 Ne4 6. Bf4 {D00: 1 d4 d5: Unusual lines} g6 7. Nbd2 {Threatening Nxe4.} Nxc5 8. Nb3 {Black is slightly better.} Bg7 {Hoping for ...Nxb3.} 9. c3 Ne4 10. h3 $146 ({Predecessor:} 10. Bb5 O-O 11. O-O Bg4 12. h3 Bxf3 13. Qxf3 {0-1 (58) Chernyshov,K (2549)-Markowski,T (2549) Warsaw 2002}) 10... O-O 11. Bd3 e5 12. Bh2 Nxf2 (12... Qe7 $17) 13. Kxf2 $11 e4 14. Bxe4 dxe4 15. Qxd8 Rxd8 16. Nfd4 Nxd4 17. cxd4 Be6 18. Rhc1 Rdc8 19. Bd6 f6 20. Ke2 Kf7 21. Kd2 Bh6 22. h4 Bd5 23. Rxc8 Rxc8 24. Rc1 Rxc1 25. Nxc1 $15 {[%mdl 4096] Endgame KBB-KBN} Ke6 26. Bb8 a6 27. b3 Bf8 28. Ne2 Bb4+ 29. Kd1 {[#] aiming for Nf4+.} Kf5 30. Bg3 h5 31. Kc2 Kg4 32. Bf2 g5 33. hxg5 fxg5 34. Kd1 Be6 ({Black should try} 34... h4 $19 {...h3 is the strong threat.} 35. Be1 Be7) 35. Be1 $17 Bd6 36. Bf2 $2 {[%mdl 8192]} (36. Ba5 $17 {is a better chance.}) 36... h4 $19 37. Nc3 Kf5 (37... h3 $142 {And now ...h2 would win.} 38. gxh3+ Kf3) 38. Be1 b5 {[%cal Bb7b5,Bb5b4][%mdl 32]} 39. Ke2 b4 40. Nb1 Bd7 {Threatens to win with ...Bb5+.} 41. Kf1 Bb5+ 42. Kg1 Be7 43. Nd2 g4 44. Nc4 (44. g3 $142 Bg5 45. Nf1) 44... g3 45. Bd2 (45. Ne5 $142 a5 46. Bd2) 45... Ke6 $2 (45... Bxc4 46. bxc4 a5) 46. Kh1 $2 (46. Ne5 a5 47. Bc1) 46... Kd5 $2 (46... Bxc4 47. bxc4 a5) 47. Nb6+ Ke6 $2 (47... Kc6 48. Nc8 Bg5 49. Na7+ Kb6 50. Nxb5 Kxb5) 48. Nc4 Bxc4 49. bxc4 {KB-KB} a5 {[%cal Ba6a5,Ba5a4,Ba4b3][%mdl 32]} 50. Kg1 a4 51. Kf1 b3 {( -> ...b2)} 52. axb3 axb3 {Black mates.} 53. Bc1 Bg5 54. d5+ Kd7 55. c5 {[#]} Bf6 {Played: Bg5xe3} 0-1

[Event "12th Arad Open 2019"]
[Site "Arad"]
[Date "2019.07.25"]
[Round "2.12"]
[White "Petrisor, Adrian-Marian"]
[Black "Aciu, Malina-Andreea"]
[Result "1/2-1/2"]
[WhiteElo "2422"]
[BlackElo "2047"]
[Annotator "TA"]
[PlyCount "69"]
[EventDate "2019.07.24"]
[EventType "swiss"]
[EventCountry "ROU"]
[SourceTitle "playchess.com"]
[Source "ChessBase"]
[SourceQuality "1"]

{[%evp 15,69,24,57,57,63,35,61,56,68,43,58,-23,-22,-35,-37,-88,-108,-120,-131,-208,-100,-103,-104,-101,-112,-122,-93,-117,-77,-78,-7,-87,-41,-43,-41,-25,4,-31,0,-125,19,-262,-249,-407,-408,-641,-646,-618,-422,-634,-281,-394,0,-587,0,-387]} 1. e4 c5 2. Nf3 d6 3. d4 cxd4 4. Nxd4 Nf6 5. Nc3 a6 6. Be3 e6 7. f3 Be7 8. Qd2 O-O 9. g4 {B80: Sicilian Scheveningen: 6 g3 and 6 Be3, including English Attack} Nfd7 (9... Nc6 10. O-O-O Nd7 11. h4 Nde5 12. Qf2 Bd7 13. Kb1 Na5 14. g5 Nec4 15. Bc1 b5 16. f4 b4 17. Nce2 Qb6 18. Rh2 d5 19. exd5 Bc5 20. Qf3 {½-½ (68) Leko,P (2763)-Morozevich,A (2707) San Luis 2005}) 10. O-O-O b5 11. Kb1 {White is slightly better.} Bb7 12. a3 $146 ({Predecessor:} 12. h4 Nb6 13. Bd3 N8d7 14. Qf2 Rc8 15. Nce2 d5 16. g5 dxe4 17. fxe4 Nc5 18. Ng3 Nba4 19. Nb3 Nxd3 20. cxd3 {0-1 (28) Liu,G (2260)-Zhou,J (2625) Beijing 2012}) 12... Nb6 13. Qf2 (13. g5 $14) 13... N8d7 $11 14. Bd3 Rc8 15. Nce2 ({Better is} 15. Nde2 $15) 15... d5 $17 16. exd5 Nxd5 17. Bc1 {[#]} (17. Nb3 $17 {might work better.}) 17... Nc5 (17... b4 $1 $19 {is more deadly.} 18. axb4 Nxb4) 18. Be4 Qc7 19. Bxd5 Bxd5 ({Of course not} 19... exd5 $6 20. Bf4 $14) 20. Nc3 Ba8 21. Rhe1 Nb7 22. f4 Na5 ({Black should try} 22... b4 $17 23. axb4 Bxb4) 23. g5 (23. f5 $1 $11 {keeps the balance.}) 23... b4 24. axb4 Bxb4 25. Re3 $1 Qb7 {Hoping for ...Bxc3.} 26. Na2 Bc5 27. f5 (27. Qh4 $11) 27... exf5 (27... Nc4 $17 {Threatens to win with ...Bxd4.} 28. Rb3 Qe4) 28. Nxf5 $2 {[%mdl 8192]} (28. Rh3 $11 {and White stays safe.} Rfd8 29. Qh4 Rxd4 30. Rxd4 Bxd4 31. Qxd4) 28... Nc4 $19 {[%cal Ba5c4,Bc4a3,Ba3c2][%mdl 96] [#] Pin} 29. Qh4 $2 (29. Rdd3) 29... Bxe3 30. g6 (30. Nxe3 $142 Na3+ 31. Ka1 Nxc2+ 32. Nxc2 Rxc2 33. Qb4) 30... Na3+ {[%mdl 64] Double Attack, Discovered Attack} 31. Ka1 {[%csl Gg6][%cal Rh4h7]} Nxc2+ 32. Kb1 {[%csl Gg6][%cal Rh4h7]} Na3+ 33. Ka1 {[%csl Gg6][%cal Rh4h7]} Nc2+ 34. Kb1 {[%csl Gg6][%cal Rh4h7]} Na3+ 35. Ka1 {[%mdl 32768] Accuracy: White = 19%, Black = 34%. . An unexpected result.} 1/2-1/2

[Event "12th Arad Open 2019"]
[Site "Arad"]
[Date "2019.07.25"]
[Round "2.13"]
[White "Voinescu, David-Ioan"]
[Black "Zawadzka, Jolanta"]
[Result "0-1"]
[WhiteElo "2046"]
[BlackElo "2422"]
[Annotator "RC"]
[PlyCount "62"]
[EventDate "2019.07.24"]
[EventType "swiss"]
[EventCountry "ROU"]
[SourceTitle "playchess.com"]
[Source "ChessBase"]
[SourceQuality "1"]
[TimeControl "40/5400+30:900+30"]

1. e4 {[%emt 0:00:00]} c5 {[%emt 0:00:00]} 2. Nf3 {[%emt 0:00:00]} e6 {[%emt 0:00:00]} 3. d4 {[%emt 0:00:00]} cxd4 {[%emt 0:00:00]} 4. Nxd4 {[%emt 0:00:00]} Nc6 {[%emt 0:00:00]} 5. Nxc6 {[%emt 0:00:28]} bxc6 {[%emt 0:00:08]} 6. Bd3 {[%emt 0:00:15]} e5 {[%emt 0:00:34]} 7. O-O {[%emt 0:02:21]} Nf6 {[%emt 0:01:45]} 8. Qe2 {[%emt 0:01:52]} Bc5 {[%emt 0:02:38]} 9. b3 {[%emt 0:05:50]} O-O {[%emt 0:04:04]} 10. Bb2 {[%emt 0:01:21]} d6 {[%emt 0:06:23]} 11. Kh1 {[%emt 0:11:03]} Ng4 {[%emt 0:12:00]} 12. g3 {[%emt 0:10:08]} Nh6 {[%emt 0:10:14]} 13. f4 {[%emt 0:19:24]} Bh3 {[%emt 0:04:12]} 14. Nd2 {[%emt 0:06:00]} Bxf1 {[%emt 0:05:46]} 15. Rxf1 {[%emt 0:00:08]} exf4 {[%emt 0:03:42]} 16. gxf4 {[%emt 0:05:20]} Qh4 {[%emt 0:06:14]} 17. e5 {[%emt 0:23:48]} d5 {[%emt 0:06:44]} 18. b4 {[%emt 0:02:01]} Bb6 {[%emt 0:08:09]} 19. Nb3 {[%emt 0:00:53]} Rfe8 {[%emt 0:02:36]} 20. Nc5 {[%emt 0:00:56]} Re7 {[%emt 0:06:48]} 21. Rg1 {[%emt 0:02:16]} a5 {[%emt 0:09:02]} 22. a3 {[%emt 0:00:45]} axb4 {[%emt 0:00:44]} 23. axb4 {[%emt 0:00:03]} Bxc5 {[%emt 0:00:54]} 24. bxc5 {[%emt 0:00:05]} Ra4 {[%emt 0:00:54]} 25. f5 {[%emt 0:04:18]} Ng4 {[%emt 0:01:55]} 26. Rg3 {[%emt 0:00:45]} Rf4 {[%emt 0:02:22]} 27. Bc1 {[%emt 0:02:13]} Rf1+ {[%emt 0:00:59]} 28. Kg2 {[%emt 0:00:03]} Qxh2+ {[%emt 0:00:40]} 29. Kxf1 {[%emt 0:00:06]} Qxg3 {[%emt 0:00:08]} 30. f6 {[%emt 0:01:41]} Rxe5 {[%emt 0:00:26]} 31. Qg2 {[%emt 0:00:23]} Re1# {[%emt 0:00:08]} 0-1

[Event "12th Arad Open 2019"]
[Site "Arad"]
[Date "2019.07.25"]
[Round "2.14"]
[White "Soltanici, Ruslan"]
[Black "Coca, Cristi-Iulian"]
[Result "1-0"]
[WhiteElo "2408"]
[BlackElo "2043"]
[Annotator "TA"]
[PlyCount "103"]
[EventDate "2019.07.24"]
[EventType "swiss"]
[EventCountry "ROU"]
[SourceTitle "playchess.com"]
[Source "ChessBase"]
[SourceQuality "1"]

{[%evp 14,103,55,41,59,38,36,50,50,33,40,31,39,39,46,38,55,22,28,0,8,18,26,19,19,19,20,19,38,35,43,43,54,56,81,69,73,73,88,83,91,87,97,59,126,114,123,121,123,131,114,111,116,110,120,118,118,112,211,189,185,184,182,175,218,237,213,210,228,193,247,200,243,242,257,245,245,258,312,306,341,338,258,251,363,383,649,658,606,573,553,547]} 1. e4 e6 2. d4 d5 3. Nc3 dxe4 4. Nxe4 Bd7 5. Nf3 Bc6 6. Bd3 Nd7 7. O-O Ngf6 8. Ned2 g6 {C10: French with 3 Nc3: Unusual Black 3rd moves and 3...dxe4} (8... Be7 9. Re1 b6 10. Nc4 Bb7 11. Nce5 O-O 12. Qe2 h6 13. Bf4 c5 14. Rad1 cxd4 15. Nxd4 Nxe5 16. Bxe5 Qd5 17. Qf1 {½-½ (73) Piorun,K (2653)-Duda,J (2724) Zgierz 2018}) 9. Nc4 Bg7 $146 ({Predecessor:} 9... a5 10. c3 Bg7 11. Qe2 O-O 12. Nce5 Bxf3 13. Nxf3 a4 14. Rd1 c6 15. Bd2 Qc7 16. c4 c5 17. Bc3 {½-½ (17) Kulovana,E (2297)-Vaganian,R (2577) Marianske Lazne 2011}) 10. Na5 O-O {White is slightly better.} 11. Nxc6 bxc6 12. Qe2 c5 13. c3 cxd4 14. Nxd4 c5 15. Nb3 Qc7 16. Re1 Rab8 17. Nd2 Nb6 18. Nc4 Nxc4 19. Bxc4 h6 20. g3 {Black must now prevent Bf4.} Qc6 21. Bf4 Rb6 22. Rad1 Nd5 23. Bc1 Qa8 24. Rd3 Rd8 25. Red1 Rbd6 26. Qf3 Qc6 27. h4 Bf8 28. Qe4 (28. Bf4 {seems wilder.} R6d7 29. R1d2 Qb7 30. Bb3 Qa6 31. Bxd5 Rxd5 32. Rxd5 exd5 33. Rxd5 Re8 34. Re5) 28... Nb4 (28... Qe8 $14) 29. Qxc6 $16 Rxd3 30. Rxd3 Nxc6 31. Rxd8 Nxd8 {[%mdl 4096] Endgame KBB-KBN} 32. Bf4 Nc6 33. Bb5 e5 34. Be3 ({But not} 34. Bxc6 $6 exf4 35. g4 Be7 $11) 34... Nd8 35. a3 a5 (35... Kg7 $16) 36. Kf1 f5 37. Ke2 Kf7 38. Kd3 Kf6 39. Kc4 Ne6 40. Bd7 f4 {[#]} 41. Bd2 $1 g5 (41... Ke7 {is a better defense.}) 42. hxg5+ hxg5 43. g4 Nc7 44. Bc6 Ke6 45. a4 Kd6 46. Be4 Be7 47. f3 Ne8 48. b4 cxb4 (48... Nf6 $142 49. Bf5 (49. bxc5+ Kd7 $16) (49. bxa5 Nxe4 50. fxe4 Kc6 $16) 49... Bd8) 49. cxb4 $18 Bd8 $2 {[#]} (49... Nf6 50. Bf5 (50. bxa5 Nxe4 51. fxe4 Kc6 $16) 50... Nd5 51. bxa5 Ne3+ 52. Kd3 Kc6 53. Be4+ Kc7) 50. bxa5 {White is clearly winning.} Nf6 51. Bb4+ Kc7 52. Kd3 {Accuracy: White = 72%, Black = 49%.} 1-0

[Event "12th Arad Open 2019"]
[Site "Arad"]
[Date "2019.07.25"]
[Round "2.15"]
[White "Ungureanu, Sandu"]
[Black "Martinovici, Ilie"]
[Result "1/2-1/2"]
[WhiteElo "2042"]
[BlackElo "2407"]
[Annotator "TA"]
[PlyCount "95"]
[EventDate "2019.07.24"]
[EventType "swiss"]
[EventCountry "ROU"]
[SourceTitle "playchess.com"]
[Source "ChessBase"]
[SourceQuality "1"]

{[%evp 9,95,-10,18,17,16,1,84,22,66,-10,20,24,24,24,34,20,0,2,16,27,11,16,28,11,0,-11,-22,-22,-12,-14,-12,-18,-7,-10,24,10,34,46,36,12,22,14,23,0,45,25,41,31,45,0,0,0,5,0,12,8,5,0,0,0,0,0,0,0,0,0,0,0,0,0,0,0,0,0,0,0,0,0,0,0,0,0,0,0,73,73,128,88]} 1. d4 Nf6 2. Nd2 e6 3. e4 d5 4. exd5 exd5 5. Bd3 Nc6 6. c3 {C05: French Tarrasch: 3...Nf6 4 e5 Nfd7, 5 f4 and 5 Bd3 sidelines} Bg4 7. Ngf3 Qd7 {[#]} (7... Bd6 $11 {keeps the balance.}) (7... Be7 8. O-O Bh5 9. Re1 O-O 10. Qb3 Rb8 11. Ne5 Nxe5 12. dxe5 Ne8 13. c4 {½-½ (22) Ilincic,Z (2455)-Varga,Z (2488) Kecskemet 2010}) 8. h3 $146 (8. O-O $1 $16) ({Predecessor:} 8. O-O O-O-O 9. b4 Bd6 10. Qc2 Ne7 11. Ne5 Bxe5 12. dxe5 Nh5 13. f3 Be6 14. Nb3 {1-0 (31) Alvarez Vila,A-Nieto Jimenez,B Ronda 1997}) 8... Bh5 9. Qc2 ({Better is} 9. O-O $14) 9... Qe6+ 10. Kd1 {Strongly threatening Re1.} Be7 11. Re1 Qd6 12. g4 Bg6 13. Ne5 O-O 14. f4 {[#] Hoping for f5.} Bxd3 15. Qxd3 Rfe8 16. g5 Nd7 17. Qf5 Ncxe5 18. fxe5 Qe6 19. Qxe6 fxe6 20. Nf3 Rf8 21. Ke2 Rf5 22. Be3 Nf8 23. Nh4 $1 {[%cal Rh4f5]} Rf7 24. Rf1 (24. Rg1 {with more complications.} Ng6 25. Nxg6 hxg6 26. h4 Rf5 27. Rgf1) 24... Rxf1 25. Rxf1 a5 26. Nf3 Ra6 27. Kd3 Rb6 28. b3 a4 29. Kc2 axb3+ 30. axb3 Ra6 31. Kb2 Bd8 32. h4 Ng6 33. Ra1 Rxa1 34. Kxa1 $11 {[%mdl 4096] Endgame KBN-KBN} Ne7 35. h5 Nf5 36. Bf2 Kf7 37. Kb2 Ke8 38. Kc2 Kd7 39. Kd3 Kc6 40. Be3 Kb5 41. Bf4 b6 42. b4 Be7 43. Nh2 Kc6 44. Ng4 Kd7 45. Ne3 Nh4 46. Ke2 g6 (46... c6 $11 {remains equal.}) 47. h6 $16 Ke8 (47... b5 $142) 48. Ng4 {Accuracy: White = 53%, Black = 48%.} 1/2-1/2

[Event "12th Arad Open 2019"]
[Site "Arad"]
[Date "2019.07.25"]
[Round "2.16"]
[White "Banzea, Alexandru-Bogdan"]
[Black "Luca, Ionel"]
[Result "1-0"]
[WhiteElo "2405"]
[BlackElo "2039"]
[Annotator "RC"]
[PlyCount "75"]
[EventDate "2019.07.24"]
[EventType "swiss"]
[EventCountry "ROU"]
[SourceTitle "playchess.com"]
[Source "ChessBase"]
[SourceQuality "1"]
[TimeControl "40/5400+30:900+30"]

1. e4 {[%emt 0:00:00]} d6 {[%emt 0:00:26]} 2. d4 {[%emt 0:00:00]} Nf6 {[%emt 0:00:06]} 3. Nc3 {[%emt 0:00:00]} c6 {[%emt 0:00:05]} 4. f4 {[%emt 0:00:00]} Qa5 {[%emt 0:00:04]} 5. Bd3 {[%emt 0:00:01]} e5 {[%emt 0:00:06]} 6. Nf3 {[%emt 0:00:05]} Nbd7 {[%emt 0:00:05]} 7. O-O {[%emt 0:01:12]} Be7 {[%emt 0:07:48]} 8. Kh1 {[%emt 0:00:28]} O-O {[%emt 0:00:15]} 9. Be3 {[%emt 0:00:44]} Qc7 {[%emt 0:01:19]} 10. a4 {[%emt 0:01:27]} Rd8 {[%emt 0:12:39]} 11. Qe1 {[%emt 0:02:17]} Nh5 {[%emt 0:09:48]} 12. dxe5 {[%emt 0:04:47]} dxe5 {[%emt 0:00:27]} 13. f5 {[%emt 0:00:07]} Nf8 {[%emt 0:19:05]} 14. Bc4 {[%emt 0:00:55]} Bd7 {[%emt 0:03:59]} 15. g4 {[%emt 0:00:48]} Nf4 {[%emt 0:02:54]} 16. Nxe5 {[%emt 0:02:11]} Qxe5 {[%emt 0:01:52]} 17. Bxf4 {[%emt 0:00:10]} Qc5 {[%emt 0:00:44]} 18. Bb3 {[%emt 0:03:26]} Be8 {[%emt 0:04:28]} 19. Qg3 {[%emt 0:01:06]} Kh8 {[%emt 0:01:00]} 20. Rae1 {[%emt 0:00:21]} Rac8 {[%emt 0:01:54]} 21. g5 {[%emt 0:00:19]} Qa5 {[%emt 0:00:54]} 22. h4 {[%emt 0:12:28]} Nd7 {[%emt 0:06:03]} 23. h5 {[%emt 0:03:26]} Bf8 {[%emt 0:15:32]} 24. g6 {[%emt 0:03:59]} fxg6 {[%emt 0:04:31]} 25. hxg6 {[%emt 0:00:07]} Nf6 {[%emt 0:01:05]} 26. Qh4 {[%emt 0:00:46]} Bxg6 {[%emt 0:01:59]} 27. fxg6 {[%emt 0:00:14]} Qh5 {[%emt 0:01:04]} 28. Bg5 {[%emt 0:00:44]} Qxh4+ {[%emt 0:01:04]} 29. Bxh4 {[%emt 0:00:01]} Be7 {[%emt 0:00:20]} 30. Be6 {[%emt 0:00:49]} Ra8 {[%emt 0:00:38]} 31. e5 {[%emt 0:01:38]} Nd5 {[%emt 0:01:14]} 32. Bxe7 {[%emt 0:00:09]} Nxe7 {[%emt 0:00:08]} 33. gxh7 {[%emt 0:00:03]} Rd4 {[%emt 0:01:01]} 34. Re4 {[%emt 0:00:26]} Rad8 {[%emt 0:00:43]} 35. Rxd4 {[%emt 0:00:37]} Rxd4 {[%emt 0:00:08]} 36. Rf7 {[%emt 0:00:04]} Rh4+ {[%emt 0:00:32]} 37. Kg1 {[%emt 0:00:12]} Ng6 {[%emt 0:00:16]} 38. Bf5 {[%emt 0:00:14]} 1-0